| 000 | 00463nam a2200121Ia 4500 | ||
|---|---|---|---|
| 008 | 160712s9999 xx 000 0 und d | ||
| 100 | _aTaduran, Richard Jonathan O. | ||
| 245 |
_cRichard Jonathan O. Taduran _aMukha Mo: A Preliminary Study on Filipino Facial Expressions |
||
| 260 |
_c2012 _bSocial Science Diliman |
||
| 300 | _avol. 8 no. 2 | ||
| 650 | _xSOCIAL SCIENCE | ||
| 856 | _uhttp://journals.upd.edu.ph/index.php/socialsciencediliman/issue/view/377/showToc | ||
| 999 |
_c297495 _d297495 |
||